• 首页
  • 本馆介绍
  • 公告通知
  • 最新文献
  • 馆藏检索
  • 电子资源
  • 读者导购
  • 参考咨询
  • 我的图书馆
  • 登录
  • 详细信息显示
  • 放入我的书架
  • 预约/预借图书
  • 作者相关作品
  • 分类相关作品
  • 丛书相关作品
  • 出版社相关作品

书目信息

  • 表格格式
  • 工作单格式
  • 卡片格式
题名:
高等数学
    
 
作者: 黄建国 , 赵更新 , 陈全红 主编
分册:  
出版信息: 沈阳   东北大学出版社  2011
页数: 344页
开本: 26cm
丛书名:
单 册:
中图分类: O13 , O3
科图分类:
主题词: 力学--教材--高等职业教育
电子资源:
ISBN: 7-5517-0719-0
000 00962nam0 2200265 450
001 4041
005 20161212163442.12
010    @a7-5517-0719-0@dCNY39.00
100    @a20120818d2011 em y0chiy50 ea
101 0  @achi
102    @aCN@b210000
105    @ay z 000yy
200 1  @a高等数学@9gao deng shu xue@f陈全红@Fchen quan hong
210    @a沈阳@c东北大学出版社@d2011
215    @a344页@d26cm
300    @a高职高专“十二五”创新型规划教材
330    @a本书内容包括函数、极限与连续、导数与微分、中值定理与导数的应用、不定积分、定积分及其应用、多元函数微积分、常微分方程、无穷级数、线性代数、概率与统计初步、数学建模等,书后附有习题参考答案。
606 0  @a力学@j教材@x高等职业教育
690    @aO13@v5
690    @aO3@v4
701  0 @a黄建国@9huang jian guo@f(1962~)@4主编
701  0 @a赵更新@9zhao geng xin@c(高等数学)@4主编
701  0 @a陈全红@Achen quan hong
801  0 @aCN@b大连网信软件有限公司图书馆·11@c20161212
905    @aZUCC@dO13@e568
    
    高等数学/陈全红.-沈阳:东北大学出版社,2011
    344页;26cm
    高职高专“十二五”创新型规划教材
    
    ISBN 7-5517-0719-0:CNY39.00
    本书内容包括函数、极限与连续、导数与微分、中值定理与导数的应用、不定积分、定积分及其应用、多元函数微积分、常微分方程、无穷级数、线性代数、概率与统计初步、数学建模等,书后附有习题参考答案。
●
相关链接 在E读中查询图书 在五车中查询图书 在当当中查询图书 在豆瓣中查询图书


正题名:高等数学     索取号:O13/568         预约/预借

序号 登录号 条形码 馆藏地/架位号 状态 备注
1 907967   209079673   第二样本阅览室/ [索取号:O13/568] 在馆    
2 907968   209079682   密集书库-数信学院/ [索取号:O13/568] 在馆    
3 907969   209079691   第三借阅区/ [索取号:O13/568] 在馆    
4 907970   209079708   第三借阅区/ [索取号:O13/568] 在馆    
5 907971   209079717   第三借阅区/ [索取号:O13/568] 已借出,限还日期为2026.03.25
借出人:刘思思  
 
唐山师范学院图书馆 欢迎您!
大连网信软件有限公司© 版权所有